[Event "Gp A"]
[Site "Cap d'Agde FRA"]
[Date "2000.10.30"]
[Round "3"]
[White "Benjamin,Joe"]
[Black "Karpov,An"]
[Result "1/2-1/2"]
[WhiteElo "2577"]
[BlackElo "2699"]

1.e4 e5 2.Bc4 Nf6 3.d3 Bc5 4.Nf3 d6 5.c3 Bb6 6.Bb3 Be6 7.Nbd2 Bxb3 8.Qxb3 Nbd7
9.Nc4 O-O 10.O-O Nc5 11.Qc2 c6 12.Be3 Ne6 13.Nxb6 axb6 14.d4 exd4 15.Nxd4 Nxd4
16.Bxd4 b5 17.a3 Re8 18.Rfe1 Re6 19.f3 Nd7 20.Red1 Qe7 21.a4 bxa4 22.Rxa4 Rxa4
23.Qxa4 h6 24.Qa8+ Nf8 25.Bf2 Kh7 26.Qb8 Ng6 27.Bg3 Ne5 28.Bxe5 dxe5 29.Qd8 Qc5+
30.Kh1 Rg6 31.Qd2 Qc4 32.h3 c5 33.Qf2 Rf6 34.Kg1 b6 35.Rd5 Re6 36.Rd7 Rf6
37.Qd2 b5 38.Rd5 b4 39.cxb4 cxb4 40.Rxe5 Rc6 41.Rd5 b3 42.Kh2 Qc2 43.Rd7 Qxd2
44.Rxd2 Rc2 45.Rd7 f6 46.Rb7 Rxb2 47.h4 h5 48.Kg3 Kh6 49.Rb6 Kg6 50.Rb7 Rb1
51.Kf4 b2 52.Kg3 Kh6 53.Rb6 Kh7 54.Rb5 Kg8 55.Rb7 g5 56.hxg5 fxg5 57.e5 Kf8
58.Kh2 h4 59.Rb4 Ke7 60.Rb6 Kd7 61.Rb8 Ke6 62.Rb5 Kf5 63.g3 hxg3+ 64.Kg2 Ke6
65.Rb8 Kxe5 66.Rb7 Kd6 67.Rb8 g4 68.fxg4 Ke5 69.Rb4 Kf6 70.Rb5 Kg6 71.Rb8 Kg5
72.Rg8+ Kf4 73.Rf8+ Kxg4 74.Rg8+ Kf5 75.Rf8+ Ke6 76.Re8+  1/2-1/2

[Event "Gp A"]
[Site "Cap d'Agde FRA"]
[Date "2000.10.31"]
[Round "5"]
[White "Benjamin,Joe"]
[Black "Bacrot,E"]
[Result "1-0"]
[WhiteElo "2577"]
[BlackElo "2613"]

1.e4 c5 2.Nf3 Nc6 3.Bb5 e6 4.O-O Nge7 5.Re1 a6 6.Bf1 d6 7.c3 e5 8.h3 g6 9.d4 Qc7
10.dxc5 dxc5 11.Be3 b6 12.Nbd2 Bg7 13.Nc4 O-O 14.Qd6 Qb8 15.Qxb8 Rxb8 16.Nd6 a5
17.Bc4 h6 18.Rad1 Be6 19.Bxe6 fxe6 20.Nc4 a4 21.Rd6 Rfd8 22.Red1 Rxd6 23.Rxd6 Na5
24.Rd7 Kf7 25.Nd6+ Kf8 26.Nd2 g5 27.Kf1 Bf6 28.Ke2 Nac6 29.f3 Nd8 30.Ra7 Ndc6
31.Rxa4 Rd8 32.N2c4 Rb8 33.Ra6 b5 34.Nb6 Kg7 35.Bxc5  1-0

[Event "US-China Summit"]
[Site "Seattle USA"]
[Date "2001.03.15"]
[Round "2"]
[White "Benjamin,Joe"]
[Black "Xie Jun"]
[Result "1/2-1/2"]
[WhiteElo "2581"]
[BlackElo "2557"]

1.e4 e5 2.Nf3 Nc6 3.Bb5 a6 4.Ba4 Nf6 5.O-O Be7 6.Re1 b5 7.Bb3 d6 8.c3 O-O
9.h3 Na5 10.Bc2 c5 11.d4 Nc6 12.d5 Na5 13.b3 Qc7 14.Nbd2 g6 15.Nf1 Nh5 16.Bh6 Re8
17.Ng3 Nxg3 18.fxg3 Nb7 19.c4 Bd7 20.Rf1 Bf8 21.Bd2 Bg7 22.Nh2 Rf8 23.Qe2 Nd8
24.Rf2 Qb7 25.Raf1 bxc4 26.bxc4 Qb2 27.Bb1 Rb8 28.Qd1 Qd4 29.Qc1 Qb2 30.Qxb2 Rxb2
31.Bg5 Rxf2 32.Rxf2 f6 33.Be3 Nf7 34.Rb2 f5 35.Rb7 Bc8 36.Rc7 Bf6 37.Nf3 a5
38.Nd2 Ng5 39.h4 Nf7 40.Bc2 f4 41.Bf2 Bg4  1/2-1/2

[Event "US Open"]
[Site "Framingham USA"]
[Date "2001.08.06"]
[Round "3"]
[White "Benjamin,Joe"]
[Black "Rensch,D"]
[Result "1-0"]
[WhiteElo "2587"]
[BlackElo "2208"]

1.Nf3 c5 2.c4 Nc6 3.Nc3 g6 4.e3 d6 5.d4 cxd4 6.exd4 Bg4 7.Be2 Bg7 8.d5 Bxf3
9.Bxf3 Ne5 10.Be2 Nf6 11.Be3 O-O 12.O-O Rc8 13.Qb3 b6 14.h3 Ned7 15.Nb5 Ra8
16.Rac1 Re8 17.Qa3 a6 18.Nd4 Ne5 19.f4 Ned7 20.Bf3 Qc7 21.g4 Nc5 22.Rfe1 Rac8
23.b4 e5 24.Nc6 exf4 25.Bxf4 Nb7 26.Qxa6 Ra8 27.Qb5 Nd7 28.Ne7+ Kf8 29.Qc6 Qxc6
30.dxc6  1-0

[Event "US Open"]
[Site "Framingham USA"]
[Date "2001.08.10"]
[Round "7"]
[White "Benjamin,Joe"]
[Black "Shahade,G"]
[Result "1-0"]
[WhiteElo "2587"]
[BlackElo "2455"]

1.Nf3 c5 2.c4 Nc6 3.Nc3 e5 4.e3 Nf6 5.a3 d5 6.cxd5 Nxd5 7.Bb5 Nxc3 8.bxc3 Bd6
9.e4 Bd7 10.Bc4 O-O 11.d3 Qc8 12.Nd2 Be6 13.Bd5 Ne7 14.c4 Nc6 15.O-O Rd8
16.Bb2 Qd7 17.Kh1 Rac8 18.Nf3 Qe7 19.Qe2 Qf6 20.Qe3 h6 21.Rae1 Ne7 22.Ng1 Ng6
23.f4 Qh4 24.f5 Bxd5 25.exd5 Nf8 26.Bxe5 Bxe5 27.Qxe5 Nd7 28.Qb2 b6 29.Nf3 Qh5
30.Ne5 Nf6 31.Nc6 Ng4 32.h3  1-0

[Event "ch-New York State"]
[Site "Rochester NY USA"]
[Date "2001.09.01"]
[Round "2"]
[White "Benjamin,Joe"]
[Black "Kwartler,L"]
[Result "1-0"]
[WhiteElo "2587"]
[BlackElo "2249"]

1.e4 c5 2.Nf3 d6 3.Bc4 Nc6 4.c3 Nf6 5.d3 g6 6.O-O Bg7 7.Bb3 O-O 8.Nbd2 b6
9.Re1 Ba6 10.Nf1 Rc8 11.h3 Ne5 12.Bc2 Nxf3+ 13.Qxf3 Qc7 14.Bg5 Nd7 15.Qg3 Ne5
16.f4 Nc6 17.Qh4 e6 18.Ne3 f6 19.Bh6 Rce8 20.f5 Bxh6 21.Qxh6 Qg7 22.Qf4 e5
23.Qf3 Bc8 24.Re2 Qh6 25.Ba4 Bd7 26.Nc4 Rd8 27.Bb3 Kg7 28.Nxd6 Qf4 29.Rf1 Qxf3
30.Rxf3 Ne7 31.fxg6 hxg6 32.Ref2 Bg4 33.Nb7 Bxf3 34.Nxd8 Bg4 35.Ne6+ Bxe6
36.Bxe6 Rd8 37.Rf3 Rd6 38.Bc4 Nc6 39.Kf2 Na5 40.Bd5 b5 41.h4 Nc6 42.g4 Ne7
43.Bb3 a5 44.g5 f5 45.h5 f4 46.h6+ Kh7 47.Ke2 a4 48.Bf7 b4 49.Kd2 a3 50.bxa3 bxc3+
51.Kxc3 Ra6 52.Kc4 Rxa3 53.Kxc5 Ra5+ 54.Kd6 Nc8+ 55.Ke6 Ra7 56.Kf6 Ra5 57.Bxg6+ Kg8
58.Bf7+  1-0

[Event "ch-New York State"]
[Site "Rochester NY USA"]
[Date "2001.09.03"]
[Round "6"]
[White "Benjamin,Joe"]
[Black "Weeramantry,S"]
[Result "1-0"]
[WhiteElo "2587"]
[BlackElo "2191"]

1.e4 d6 2.d4 Nf6 3.Nc3 g6 4.Nf3 Bg7 5.Be2 O-O 6.O-O Bg4 7.a4 Nc6 8.a5 e5
9.d5 Ne7 10.a6 b6 11.Be3 Ne8 12.Ne1 Bxe2 13.Qxe2 f5 14.f3 f4 15.Bd2 g5 16.g4 h5
17.h3 Nf6 18.Nd3 hxg4 19.hxg4 Qd7 20.Nf2 Ng6 21.Nh3 Bh6 22.Be1 Rf7 23.Qb5 Qc8
24.Qe2 Qd7 25.Kh1 Raf8 26.Rg1 Rh7 27.Rg2 Bg7 28.Rh2 Nxg4 29.fxg4 f3 30.Qf2 Qxg4
31.Qg3 Qxg3 32.Bxg3 Nf4 33.Nxg5 Ne2 34.Rxh7 Nxg3+ 35.Kh2 f2 36.Rxg7+  1-0

[Event "Foxwoods Open"]
[Site "Connecticut USA"]
[Date "2002.03.28"]
[Round "1"]
[White "Anderson,R"]
[Black "Benjamin,Joe"]
[Result "0-1"]
[WhiteElo "2263"]
[BlackElo "2593"]

1.e4 e5 2.Nf3 Nc6 3.Bb5 a6 4.Ba4 d6 5.Bxc6+ bxc6 6.d4 f6 7.Be3 Be6 8.Nbd2 Ne7
9.Qe2 Qb8 10.b3 Ng6 11.h4 h5 12.g3 Be7 13.Kf1 Qb7 14.c4 Bg4 15.Qd3 O-O 16.d5 f5
17.exf5 Bxf5 18.Ne4 cxd5 19.cxd5 c6  0-1

[Event "Foxwoods Open"]
[Site "Connecticut USA"]
[Date "2002.03.30"]
[Round "4"]
[White "Benjamin,Joe"]
[Black "Garcia,Gild"]
[Result "1-0"]
[WhiteElo "2593"]
[BlackElo "2498"]

1.e4 c5 2.Nf3 Nc6 3.Bb5 g6 4.O-O Bg7 5.c3 Nf6 6.Re1 O-O 7.h3 Qb6 8.Na3 d6
9.Bf1 Qc7 10.Nc2 Rd8 11.d3 h6 12.a3 Be6 13.Bf4 Bb3 14.Nd2 Bxc2 15.Qxc2 e5
16.Bg3 d5 17.Be2 Rd7 18.Rad1 Rad8 19.Bh4 Ne7 20.Bf3 g5 21.Bg3 Ng6 22.Nf1 d4
23.cxd4 cxd4 24.Rc1 Qb6 25.Nd2 h5 26.Qd1 g4 27.hxg4 h4 28.Bh2 Bh6 29.Rc2 Rc7
30.Rxc7 Qxc7 31.a4 a6 32.Nc4 b5 33.axb5 axb5 34.Na3 Qa5 35.Kf1 Rc8 36.Qb3 Rc5
37.Rd1 Kg7 38.Nc2 Qc7 39.Nxd4 Kh7 40.Ne2 Qd7 41.d4 exd4 42.Nxd4 Rc1 43.Rxc1 Bxc1
44.Nf5 Qe6 45.Qxe6 fxe6 46.Nd6 Bxb2 47.g5 Nd7 48.Nxb5 Bc1 49.Nc7 Ndf8 50.Bg4 e5
51.Bf5 Kg8 52.Ne6 Nxe6 53.Bxe6+ Kg7 54.Bf5 Nf4 55.g3 hxg3 56.Bxg3 Ba3 57.f3 Be7
58.Bh4  1-0

[Event "Foxwoods Open"]
[Site "Connecticut USA"]
[Date "2002.03.31"]
[Round "6"]
[White "Benjamin,Joe"]
[Black "Shabalov,A"]
[Result "1-0"]
[WhiteElo "2593"]
[BlackElo "2606"]

1.e4 c5 2.Nf3 Nc6 3.Bb5 e6 4.O-O Nge7 5.Re1 a6 6.Bf1 d5 7.exd5 Qxd5 8.Bd3 g6
9.Be4 Qd6 10.b4 Bg7 11.bxc5 Qxc5 12.Ba3 Qa5 13.c3 Qc7 14.d4 O-O 15.Bxc6 bxc6
16.Ne5 Bb7 17.Nd2 Rfd8 18.Bc5 Nd5 19.Qf3 Rab8 20.c4 Nf6 21.Rab1 Ba8 22.Qa3 Ne8
23.Rxb8 Qxb8 24.Rb1 Qc8 25.Ne4 f6 26.Nf3 e5 27.dxe5 Qf5 28.Re1 fxe5 29.Qxa6 Nc7
30.Qa7 Ne6 31.Be7 c5 32.Nd6 Qf4 33.Bxd8 Bxf3 34.Qb8 Bf8 35.gxf3 Nd4 36.Be7 Ne6
37.Bxf8 Qg5+ 38.Kf1 Nxf8 39.Qe8 Qf6 40.Qxe5  1-0

[Event "Foxwoods Open"]
[Site "Connecticut USA"]
[Date "2002.03.31"]
[Round "7"]
[White "Wojtkiewicz,A"]
[Black "Benjamin,Joe"]
[Result "1/2-1/2"]
[WhiteElo "2535"]
[BlackElo "2593"]

1.Nf3 Nf6 2.c4 e6 3.g3 b6 4.Bg2 Bb7 5.O-O Be7 6.d4 O-O 7.Nc3 Ne4 8.Bd2 Bf6
9.Rc1 Nxd2 10.Qxd2 d6 11.d5 e5 12.e4 a5 13.h4 Nd7 14.Bh3 Nc5 15.Rfd1 Bc8
16.Bxc8 Qxc8 17.Kh2 Be7 18.Qe2 f5 19.exf5 Qxf5 20.Rf1 Qg6 21.Rcd1 Rf7 22.Kh1 Raf8
23.Nh2 h5 24.Qe3 Qf5 25.Kg2 Qg6 26.Kh1 Qf5 27.Kg2 Qg6  1/2-1/2

[Event "Tan Chin Nam Cup"]
[Site "Qingdao CHN"]
[Date "2002.07.04"]
[Round "1"]
[White "Du Shan"]
[Black "Benjamin,Joe"]
[Result "0-1"]
[WhiteElo "2408"]
[BlackElo "2608"]

1.c4 e5 2.Nc3 Bb4 3.g3 Bxc3 4.dxc3 d6 5.Bg2 Ne7 6.Nf3 Nbc6 7.O-O O-O 8.e4 Be6
9.b3 h6 10.Qe2 Qd7 11.Rd1 Bh3 12.c5 Bxg2 13.Kxg2 f5 14.cxd6 cxd6 15.Ba3 fxe4
16.Nd2 d5 17.Nxe4 Rad8 18.Nc5 Qc8 19.Nd3 e4 20.Nb4 Rf3 21.Nxc6 Nxc6 22.c4 Qg4
23.Re1 Nd4 24.Qb2 Rd3 25.Re3 dxc4 26.h3 Qf5 27.Rae1 c3 28.Qc1 Rd2 29.Rf1 Ne2
30.Qe1 R8d3 31.Bc5 Rxe3 32.Bxe3 Qf3+ 33.Kh2 Rxa2 34.Qd1 Nxg3 35.Qd8+ Kh7
36.Rg1 Qxe3  0-1

[Event "Tan Chin Nam Cup"]
[Site "Qingdao CHN"]
[Date "2002.07.04"]
[Round "2"]
[White "Benjamin,Joe"]
[Black "Liang Chong"]
[Result "1/2-1/2"]
[WhiteElo "2608"]
[BlackElo "2529"]

1.e4 e5 2.Nf3 Nc6 3.Bb5 a6 4.Ba4 Nf6 5.O-O Be7 6.Re1 b5 7.Bb3 d6 8.c3 O-O
9.h3 Nb8 10.d4 Nbd7 11.Nbd2 Bb7 12.Bc2 Re8 13.Nf1 Bf8 14.Ng3 g6 15.Bg5 h6
16.Bd2 c5 17.d5 c4 18.b4 cxb3 19.axb3 Qc7 20.Qe2 b4 21.Rec1 bxc3 22.Bd3 Nc5
23.Rxc3 Qb6 24.b4 Nxd3 25.Qxd3 Rec8 26.Rca3 Qc7 27.Be3 Qc4 28.Qb1 Rab8 29.Ba7 Ra8
30.Be3 Rab8 31.Nd2 Qc2 32.Qf1 h5 33.R3a2 Qc3 34.Ne2 Qd3 35.Ra3 Qb5 36.Nc3 Qxf1+
37.Kxf1 Nd7 38.Ke2 Rc7 39.Kd3 Rbc8 40.Ne2 f5 41.f3 Bxd5 42.exd5 e4+ 43.Nxe4 Ne5+
44.Kd2 fxe4 45.fxe4 Nc4+ 46.Kd3 Nb2+ 47.Kd2 Bg7 48.R1a2 Nc4+ 49.Kd3 Ne5+
50.Kd2 Nc4+ 51.Kd3 Ne5+ 52.Kd2  1/2-1/2

[Event "2nd China-USA Summit"]
[Site "Shanghai CHN"]
[Date "2002.07.11"]
[Round "1"]
[White "Benjamin,Joe"]
[Black "Ni Hua"]
[Result "1-0"]
[WhiteElo "2608"]
[BlackElo "2533"]

1.e4 c5 2.Nf3 Nc6 3.Bb5 g6 4.O-O Bg7 5.Re1 Nf6 6.e5 Nd5 7.Nc3 Nc7 8.Bxc6 dxc6
9.Ne4 Ne6 10.d3 O-O 11.Be3 b6 12.Qd2 Nd4 13.Nxd4 cxd4 14.Bh6 c5 15.Qf4 Bb7
16.Bxg7 Kxg7 17.b3 Qd5 18.Qg3 Rad8 19.Re2 f5 20.exf6+ exf6 21.Rae1 Bc6 22.f4 Rde8
23.f5 Qe5 24.Nd6 Qxe2 25.Nxe8+ Qxe8 26.Rxe8 Bxe8 27.Qb8 gxf5 28.Qxa7+ Bf7
29.Qxb6 Re8 30.a4 Bd5 31.Qa7+ Bf7 32.a5  1-0

[Event "2nd China-USA Summit"]
[Site "Shanghai CHN"]
[Date "2002.07.12"]
[Round "2"]
[White "Ni Hua"]
[Black "Benjamin,Joe"]
[Result "0-1"]
[WhiteElo "2533"]
[BlackElo "2608"]

1.e4 e5 2.Nf3 Nc6 3.d4 exd4 4.Nxd4 Bc5 5.Nxc6 Qf6 6.Qd2 bxc6 7.Bd3 Ne7 8.Nc3 O-O
9.O-O d5 10.Kh1 Bb4 11.Qe2 Bxc3 12.bxc3 dxe4 13.Qxe4 Bf5 14.Qc4 Bxd3 15.cxd3 Nd5
16.d4 Rfe8 17.Qd3 Qe6 18.c4 Nb6 19.Bf4 Qe4 20.Qxe4 Rxe4 21.Bxc7 Nxc4 22.Rfd1 Rc8
23.Rac1 Nb2 24.Re1 Rxe1+ 25.Rxe1 Nd3 26.Re7 Nb4 27.Ba5 Nxa2 28.Rxa7 Nc1 29.g3 f6
30.Kg2 Nb3 31.Bb6 Rb8 32.Ra6 Rb7 33.Kf3 Nd2+ 34.Ke2 Ne4 35.f3 Nc3+ 36.Kd3 Nd5
37.Ba5 Rb5 38.Bd2 Nb6 39.Bc3 h5 40.Ra5 Nd5 41.Ra8+ Kf7 42.Rc8 Rb3  0-1

[Event "2nd China-USA Summit"]
[Site "Shanghai CHN"]
[Date "2002.07.14"]
[Round "3"]
[White "Benjamin,Joe"]
[Black "Ni Hua"]
[Result "1/2-1/2"]
[WhiteElo "2608"]
[BlackElo "2533"]

1.e4 c5 2.Nf3 Nc6 3.Bb5 g6 4.O-O Bg7 5.Re1 Nf6 6.e5 Nd5 7.Nc3 Nc7 8.Bxc6 dxc6
9.Ne4 b6 10.Nf6+ Kf8 11.Ne4 Bg4 12.d3 Ne6 13.Ned2 Qd5 14.h3 Bxf3 15.Nxf3 Rd8
16.Be3 h6 17.Qe2 Kg8 18.c4 Qxd3 19.Qxd3 Rxd3 20.Rad1 Rxd1 21.Rxd1 f5 22.exf6 Bxf6
23.Rd7 Kf7 24.Rxa7 Bxb2 25.Rb7 Ra8 26.Rxb6 Rxa2 27.Bxh6 Bf6 28.Be3 Rc2 29.Rxc6 Rxc4
30.g3 Ra4 31.Nd2 Be5 32.Kg2 Bd6 33.Rc8 Nd4 34.h4 Ke6 35.Ne4 Nb3 36.Nxd6 exd6
37.Rg8 Kf7 38.Rd8 Ke6 39.Rg8 Kf7 40.Rd8 Ke6 41.Rg8 Kf7 42.Rd8 Ke6 43.Rg8 Kf7
44.Rd8 Ke6  1/2-1/2

[Event "2nd China-USA Summit"]
[Site "Shanghai CHN"]
[Date "2002.07.15"]
[Round "4"]
[White "Ni Hua"]
[Black "Benjamin,Joe"]
[Result "1/2-1/2"]
[WhiteElo "2533"]
[BlackElo "2608"]

1.e4 e5 2.Nf3 Nc6 3.d4 exd4 4.Nxd4 Bc5 5.Nxc6 Qf6 6.Qd2 bxc6 7.Bd3 Nh6 8.Nc3 d6
9.Na4 Bb6 10.O-O O-O 11.Kh1 Qh4 12.Nxb6 axb6 13.f3 f5 14.Qc3 c5 15.b3 Be6
16.Bb2 Rf7 17.exf5 Nxf5 18.Rfe1 Nd4 19.Qd2 Bd5 20.Be4 Bxe4 21.Rxe4 Qf6 22.c4 Re7
23.Rxe7 Qxe7 24.Bxd4 cxd4 25.Qxd4 Ra5 26.a4 Re5 27.h3 c5 28.Qf4 h6 29.Kh2 Re3
30.Rd1 Qe5 31.Qxe5 dxe5 32.Rb1 Rc3 33.a5 bxa5 34.Ra1 e4 35.fxe4 Rxb3 36.Rxa5 Re3
37.Rxc5 Rxe4 38.Kg3 Re2 39.h4 Kf7 40.Kf3 Rc2 41.g3 Ke6 42.Kf4 Rg2 43.Kg4 Kf6
44.Rc6+ Kf7 45.Rd6 Rc2 46.Rd4 g6 47.Kf4 Ke6 48.Re4+ Kd6 49.Kf3 Rc3+ 50.Kf4 Rc1
51.Rd4+ Ke6 52.Re4+ Kd6 53.Kg4 Rc3 54.h5 gxh5+ 55.Kh4 Kd7 56.Re5 Rxc4+ 57.Kxh5 Rc6
58.g4 Ra6 59.Re4 Rb6 60.Re5 Ra6 61.Kh4 Rb6 62.Kh5 Ra6 63.Rb5 Ke7 64.Rb7+ Kf8
65.Rh7 Kg8 66.Rxh6 Ra5+ 67.g5 Ra8 68.Rb6 Rc8 69.Kh6 Rd8 70.Rb7 Rc8  1/2-1/2

[Event "New York State-ch"]
[Site "Kerhonkson USA"]
[Date "2002.08.31"]
[Round "1"]
[White "Ross,Ph"]
[Black "Benjamin,Joe"]
[Result "0-1"]
[WhiteElo "2103"]
[BlackElo "2608"]

1.e4 e5 2.Nf3 Nc6 3.Bb5 Nge7 4.d4 exd4 5.Nxd4 g6 6.Nc3 Bg7 7.Be3 O-O 8.O-O d6
9.Re1 Ne5 10.h3 a6 11.Bf1 b5 12.Rb1 Bb7 13.Nb3 c5 14.Nd5 Nxd5 15.exd5 Qb6
16.c3 Rae8 17.Bf4 c4 18.Be3 Qd8 19.Nd4 Qa8 20.f4 Nd7 21.a4 bxa4 22.Nc6 Bxc6
23.dxc6 Qxc6 24.Ra1 a3 25.Rxa3 Rxe3 26.Rxe3 Qb6 27.Qd2 Re8 28.Rxa6 Qxe3+
29.Qxe3 Rxe3 30.Rxd6 Nf6 31.Rd8+ Bf8 32.Kf2 Re7 33.Bxc4 Rb7 34.Rc8 Ne4+ 35.Ke3 Nd6  0-1

[Event "New York State-ch"]
[Site "Kerhonkson USA"]
[Date "2002.08.31"]
[Round "2"]
[White "Benjamin,Joe"]
[Black "Dolgitser,K"]
[Result "1-0"]
[WhiteElo "2608"]
[BlackElo "2262"]

1.e4 c5 2.Nf3 Nc6 3.Bb5 g6 4.O-O Bg7 5.Re1 e5 6.b4 Nxb4 7.Bb2 a6 8.a3 axb5
9.axb4 Rxa1 10.Bxa1 c4 11.Na3 d6 12.d4 f6 13.dxe5 dxe5 14.Nxb5 Qxd1 15.Rxd1 Bf8
16.Nxe5 Be6 17.Nc7+ Ke7 18.Nxe6 Kxe6 19.Nxc4 Nh6 20.Rd8 Nf7 21.Re8+ Kd7 22.Ra8 Bxb4
23.Rxh8 Nxh8 24.Bxf6 Nf7 25.Kf1 Ke6 26.Bd4 Nd8 27.Ke2 Nc6 28.Be3  1-0

[Event "New York State-ch"]
[Site "Kerhonkson USA"]
[Date "2002.09.01"]
[Round "3"]
[White "Nikolayev,I"]
[Black "Benjamin,Joe"]
[Result "0-1"]
[WhiteElo "2321"]
[BlackElo "2608"]

1.e4 c5 2.c3 Nf6 3.e5 Nd5 4.d4 cxd4 5.Nf3 e6 6.cxd4 d6 7.Bc4 Nc6 8.O-O Be7
9.Qe2 O-O 10.Qe4 Qc7 11.Bd3 g6 12.Bh6 Rd8 13.Nbd2 dxe5 14.dxe5 Nb6 15.Rac1 Nd7
16.Bb5 Ndxe5 17.Nxe5 Qxe5 18.Bxc6 Qh5 19.Bxb7 Bxb7 20.Qxb7 Bd6 21.h3 Qxh6
22.Nc4 Bf4 23.Rcd1 Qh5 24.Rd7 Rxd7 25.Qxd7 Qe2 26.Qd4 Bh2+ 27.Kxh2 Qxf1 28.Ne5 Qb5
29.Ng4 e5 30.Nxe5 Qb6 31.Qd5 Rf8 32.Nd7 Qc7+ 33.f4 Qxf4+  0-1

[Event "New York State-ch"]
[Site "Kerhonkson USA"]
[Date "2002.09.02"]
[Round "6"]
[White "Benjamin,Joe"]
[Black "Bonin,J"]
[Result "1-0"]
[WhiteElo "2608"]
[BlackElo "2407"]

1.e4 e6 2.d4 d5 3.Nd2 c5 4.Ngf3 Nc6 5.Bb5 cxd4 6.Nxd4 Bd7 7.Nxc6 Bxc6 8.Bxc6+ bxc6
9.c4 Bb4 10.Qa4 Bxd2+ 11.Bxd2 Ne7 12.exd5 exd5 13.O-O O-O 14.Bb4 Re8 15.Rad1 Rb8
16.Rfe1 h6 17.cxd5 cxd5 18.b3 Ng6 19.Rxe8+ Qxe8 20.Qxe8+ Rxe8 21.Rxd5 Nf4
22.Rd7 a6 23.Rd6 Rc8 24.Bd2 Ne6 25.Rxa6 Rc2 26.Be3 Nd4 27.Kf1 Nb5 28.a4 Nc7
29.Rb6 Nd5 30.Rb5 Nxe3+ 31.fxe3 g5 32.a5 Ra2 33.h3 Kg7 34.b4 Kg6 35.g4 f6
36.Rb6 h5 37.a6 h4 38.b5  1-0

[Event "Olympiad"]
[Site "Bled SLO"]
[Date "2002.11.01"]
[Round "7"]
[White "Benjamin,Joe"]
[Black "Malisauskas,V"]
[Result "0-1"]
[WhiteElo "2609"]
[BlackElo "2521"]

1.e4 c5 2.Nf3 d6 3.d4 cxd4 4.Nxd4 Nf6 5.Nc3 a6 6.a4 e5 7.Nf3 h6 8.Bc4 Be6
9.Bxe6 fxe6 10.Nh4 Nc6 11.Ng6 Rg8 12.O-O Kf7 13.Nxf8 Rxf8 14.f4 Kg8 15.f5 exf5
16.Rxf5 Qb6+ 17.Kh1 Ne7 18.Rf3 Ng4 19.h3 Nf2+ 20.Rxf2 Qxf2 21.Kh2 Rf6 22.Nd5 Nxd5
23.Qxd5+ Kh7 24.Bd2 Raf8 25.Rg1 Rf3 26.Kh1 Qh4 27.Kh2 Qg3+ 28.Kh1 Rf1  0-1

[Event "Olympiad"]
[Site "Bled SLO"]
[Date "2002.11.04"]
[Round "9"]
[White "Benjamin,Joe"]
[Black "McNab,C"]
[Result "1/2-1/2"]
[WhiteElo "2609"]
[BlackElo "2406"]

1.e4 g6 2.d4 d6 3.Nc3 Bg7 4.Nf3 Nf6 5.Be3 c6 6.Qd2 Qa5 7.h3 Nbd7 8.Bd3 O-O
9.O-O e5 10.a4 Re8 11.Rfd1 exd4 12.Nxd4 Nc5 13.Bf1 Qc7 14.f3 a5 15.Nde2 Bf8
16.Kh1 Be6 17.Nf4 Bd7 18.Qf2 Ne6 19.Nfe2 Bg7 20.Rd2 d5 21.Rad1 dxe4 22.Bb6 e3
23.Bxe3 Nd5 24.Nxd5 cxd5 25.b3 Bc6 26.Nd4 Nxd4 27.Bxd4 Bxd4 28.Rxd4 Re5 29.f4 Re4
30.Bd3 Rxd4 31.Qxd4 Re8 32.Rf1 Qe7 33.Rf3 Qe1+ 34.Kh2 Qd1 35.Re3 Rxe3 36.Qxe3 Qa1
37.h4 Qf6 38.Kg3 d4 39.Qe1 b6 40.Bc4 h6 41.Qe2 Kf8 42.Qg4 Ke7 43.Qc8 Bd7
44.Qc7 Qf5 45.Kh2 Qf6 46.Kg3 Qf5 47.Kh2 Qf6 48.Kg3  1/2-1/2

[Event "Olympiad"]
[Site "Bled SLO"]
[Date "2002.11.06"]
[Round "11"]
[White "Ovezov,A"]
[Black "Benjamin,Joe"]
[Result "1-0"]
[WhiteElo "2353"]
[BlackElo "2609"]

1.d4 Nf6 2.Nd2 d5 3.e3 Bf5 4.Ngf3 e6 5.Bd3 Nbd7 6.Bxf5 exf5 7.c4 c6 8.Qb3 Qc7
9.O-O Be7 10.Qc2 g6 11.cxd5 Nxd5 12.a3 O-O 13.b3 Rfe8 14.Bb2 a5 15.Rfe1 Bf8
16.Re2 N7f6 17.Ne5 Ne4 18.Rae1 f6 19.Nd3 Re7 20.Nf1 Rae8 21.f3 Nd6 22.Nf2 Bh6
23.Bc1 Qb6 24.Qd3 a4 25.bxa4 Qa5 26.Qb3 Qc3 27.Qa2 Kg7 28.Nd1 Qa5 29.Qc2 Qa6
30.Kf2 Nb6 31.Nb2 Ra8 32.Qc5 Rd7 33.Nd2 Nxa4 34.Nxa4 Qxa4 35.Kf1 Re8 36.Qc3 Qb5
37.Kf2 Rde7 38.Bb2 Qd5 39.Qc5 Qe6 40.a4 Rd7 41.Qc3 Qd5 42.Ba3 Nf7 43.Bc5 Ng5
44.e4 fxe4 45.fxe4 Qe6 46.h4 Nf7 47.Nf3 Qg4 48.e5 fxe5 49.dxe5 Re6 50.Re4 Bf4
51.Qc4 Bg3+ 52.Kg1 Qf5 53.Rf1 Rd5 54.Nd4 Rxd4 55.Rxd4 Qxe5 56.Rd7 Rf6 57.Rxf7+  1-0

[Event "Olympiad"]
[Site "Bled SLO"]
[Date "2002.11.08"]
[Round "13"]
[White "Zagrebelny,S"]
[Black "Benjamin,Joe"]
[Result "1-0"]
[WhiteElo "2525"]
[BlackElo "2609"]

1.e4 g6 2.d4 Bg7 3.Nf3 d6 4.Bd3 Nf6 5.O-O O-O 6.c3 c5 7.Nbd2 cxd4 8.cxd4 Nc6
9.h3 Nd7 10.Nb3 a5 11.a4 e5 12.Be3 exd4 13.Nbxd4 Nb4 14.Bc4 Nc5 15.Bg5 Bf6
16.Bxf6 Qxf6 17.Re1 Nxe4 18.Bxf7+ Rxf7 19.Rxe4 Bd7 20.Qd2 Re8 21.Rxe8+ Bxe8
22.b3 Re7 23.Re1 Bf7 24.Rxe7 Qxe7 25.Qc3 h6 26.h4 Qd8 27.Qe3 Kh7 28.h5 g5
29.Qe4+ Kg8 30.Qxb7 Bxh5 31.Nf5 Qf6 32.N3d4 Bf7 33.Qa8+ Kh7 34.Qxa5 Nd3 35.Qc7 d5
36.a5 Kg6 37.Qe7 Qa6 38.Qf8  1-0

[Event "Olympiad"]
[Site "Bled SLO"]
[Date "2002.11.10"]
[Round "14"]
[White "Benjamin,Joe"]
[Black "Fernandes,An"]
[Result "1-0"]
[WhiteElo "2609"]
[BlackElo "2482"]

1.e4 c5 2.Nf3 Nc6 3.Bb5 e6 4.O-O Nge7 5.c3 d5 6.exd5 Qxd5 7.d4 cxd4 8.Qa4 a6
9.Nxd4 Bd7 10.Rd1 Nxd4 11.Bxd7+ Qxd7 12.Qxd7+ Kxd7 13.Rxd4+ Ke8 14.Bf4 Nf5
15.Rd3 Bd6 16.Bxd6 Rd8 17.Na3 Rxd6 18.Rad1 Ke7 19.Nc4 Rxd3 20.Rxd3 Rc8 21.Nd2 Nd6
22.Rd4 Nb5 23.Rd3 Nd6 24.Kf1 Nc4 25.Nxc4 Rxc4 26.Ke2 Rh4 27.h3 Re4+ 28.Re3 Ra4
29.a3 h5 30.Re5 g6 31.Kd3 Kd6 32.Re2 e5 33.c4 b5 34.Rc2 h4 35.Rc3 b4 36.c5+ Kc6
37.Rc4 Ra5 38.axb4 Ra1  1-0

[Event "US Amateur Team East"]
[Site "Parsippany NJ USA"]
[Date "2003.02.15"]
[Round "1"]
[White "Frenklakh,V"]
[Black "Benjamin,Joe"]
[Result "0-1"]
[WhiteElo "2280"]
[BlackElo "2587"]

1.d4 Nf6 2.c4 g6 3.Nc3 Bg7 4.e4 d6 5.Be2 O-O 6.Bg5 Na6 7.Qd2 c6 8.Nf3 e5
9.O-O exd4 10.Nxd4 Nc5 11.Bf3 Qb6 12.Rad1 Re8 13.Rfe1 Ng4 14.h3 Ne5 15.Be2 Ned7
16.Bf1 a5 17.Nf3 Ne5 18.Nxe5 dxe5 19.Be3 a4 20.Qc2 Bf8 21.Rd2 Qa5 22.Red1 Ne6
23.a3 Bc5 24.Bxc5 Nxc5 25.Rd6 Be6 26.h4 Nb3 27.Ne2 Qc5 28.R6d3 b5 29.Rc3 bxc4
30.Ng3 Rad8 31.h5 Rd4 32.Rxd4 exd4 33.Rxc4 Bxc4 34.Bxc4 Qd6 35.hxg6 hxg6
36.Bxb3 axb3 37.Qxb3 d3 38.Qd1 c5 39.Qd2 c4  0-1

[Event "125th ch-NY"]
[Site "Kerhonkson USA"]
[Date "2003.09.01"]
[Round "5"]
[White "Ehlvest,J"]
[Black "Benjamin,Joe"]
[Result "1-0"]
[WhiteElo "2587"]
[BlackElo "2583"]

1.d4 Nf6 2.c4 e6 3.Nc3 Bb4 4.Qc2 O-O 5.a3 Bxc3+ 6.Qxc3 d6 7.Nf3 Nbd7 8.g3 e5
9.dxe5 dxe5 10.Bg2 Qe7 11.b3 Re8 12.O-O Nf8 13.Bb2 Ng6 14.Rad1 c6 15.Qc2 h6
16.Rfe1 e4 17.Nd4 h5 18.Qc3 e3 19.f4 h4 20.Rd3 hxg3 21.hxg3 Bg4 22.Nc2 Qc5
23.Nxe3 Rad8 24.Qd2 Rxd3 25.exd3 Nh5 26.d4 Qe7 27.Qf2 Bd7 28.Nc2 Qd8 29.Rxe8+ Bxe8
30.Ne3 Nf6 31.d5 Nf8 32.Qd2 N8h7 33.Qd4 Qa5 34.Kf2 cxd5 35.cxd5 Bd7 36.Bf3 Qb5
37.b4 a5 38.Qc5 Qd3 39.Qc3 Qb1 40.bxa5 Bb5 41.Qc2 Qa2 42.Bxf6 Qxc2+ 43.Nxc2 Nxf6
44.d6  1-0

[Event "72nd NY Masters"]
[Site "New York USA"]
[Date "2003.09.09"]
[Round "4"]
[White "Benjamin,Joe"]
[Black "Wojtkiewicz,A"]
[Result "1/2-1/2"]
[WhiteElo "2583"]
[BlackElo "2543"]

1.e4 c5 2.Nf3 d6 3.d4 cxd4 4.Nxd4 Nf6 5.Nc3 a6 6.a4 Nc6 7.Be2 g6 8.Be3 Bg7
9.O-O O-O 10.f4 Bd7 11.Nb3 Be6 12.Bf3 Na5 13.e5 Ne8 14.Nxa5 Qxa5 15.Nd5 Bxd5
16.Qxd5 Qxd5 17.Bxd5 Rb8 18.e6 fxe6 19.Bxe6+ Kh8 20.c3 Nc7 21.Bb3 b5 22.Rf2 b4
23.Ba2 bxc3 24.bxc3 Rfc8 25.Re1 Ne8 26.Bd4 Rc7 27.Rfe2 Bxd4+ 28.cxd4 Rbb7
29.Bd5 Ra7 30.g4 Kg7 31.g5 Kf8 32.Rb1 Rc8 33.Reb2 Ng7 34.Rb8 Rc7 35.Kf2 e6
36.Rxc8+ Rxc8 37.Bb7 Rc2+ 38.Ke3 Ra2 39.Bxa6 Nf5+ 40.Kd3 Rxa4 41.Rb8+ Ke7
42.Rb7+ Kf8 43.Rb8+ Ke7 44.Rb7+ Kd8 45.Rb8+ Kc7 46.Rb7+ Kd8 47.Rb8+  1/2-1/2

[Event "US Amateur Team East"]
[Site "Parsippany USA"]
[Date "2004.02.14"]
[Round "2"]
[White "Benjamin,Joe"]
[Black "Felber,J"]
[Result "1-0"]
[WhiteElo "2566"]
[BlackElo "2142"]

1.e4 c6 2.d4 d5 3.Nc3 dxe4 4.Nxe4 Nf6 5.Nxf6+ exf6 6.c3 Bd6 7.Bd3 Be6 8.Ne2 Qc7
9.Qc2 Nd7 10.c4 Bb4+ 11.Nc3 O-O-O 12.O-O Bxc3 13.Qxc3 h6 14.Be3 f5 15.g3 g5
16.f4 f6 17.Qa3 a6 18.d5 cxd5 19.cxd5 Bxd5 20.Rac1 Bc6 21.Bxa6 Nb8 22.Bc4 Rhe8
23.Rfe1 Re4 24.Bd3 gxf4 25.Bxe4 fxe4 26.Bxf4 Qb6+ 27.Be3 Qc7 28.b4 Rg8 29.Qb2 b5
30.a4  1-0

[Event "US Amateur Team East"]
[Site "Parsippany USA"]
[Date "2004.02.15"]
[Round "3"]
[White "Shapiro,Mi"]
[Black "Benjamin,Joe"]
[Result "1/2-1/2"]
[WhiteElo "2124"]
[BlackElo "2566"]

1.e4 e5 2.d4 exd4 3.Nf3 Nc6 4.Bc4 Nf6 5.O-O Nxe4 6.Re1 d5 7.Bxd5 Qxd5 8.Nc3 Qh5
9.Nxe4 Be6 10.Bg5 h6 11.Bf6 Qg6 12.Nh4 Qg4 13.Nf3 Qg6 14.Nh4 Qg4 15.Nf3 Be7
16.Bxe7 Kxe7 17.Nxd4 Qxd1 18.Nxc6+ bxc6 19.Raxd1 Rhd8 20.b3 Rd5 21.c4 Ra5
22.Rd2 g5 23.f3 Rd8 24.Rxd8 Kxd8 25.Re2 Ke7 26.Kf2 Re5 27.Ke3 Bf5 28.Kd4 f6
29.b4 c5+ 30.bxc5 Bxe4 31.fxe4 Re6 32.a4 Kd7 33.g4 Ra6 34.Ra2 Ra5 35.Kd5 Ra6
36.a5 Re6 37.Rf2 Re5+ 38.Kd4 Re6 39.Rf3 Ra6 40.Kd5 Ke7 41.Rh3 c6+ 42.Kd4 Rxa5
43.Rxh6 Ra1 44.Rh8 Rd1+ 45.Kc3 Rc1+ 46.Kd3 a5 47.Ra8 Rd1+ 48.Kc3 Rc1+ 49.Kd3 Rd1+
50.Kc3 Rc1+  1/2-1/2